000 00580nam a2200193Ia 4500
005 20240527022509.0
008 240331s9999 xx 000 0 und d
082 _a338.8
100 _aSinha,B.P. Jai
245 0 _aMultinationals in India
_bManaging the interface of cultures
250 _a1 st
260 _aNew Delhi
_bSage Publication India Pvt Ltd
_c2004
300 _a290 p .,
650 _aBusiness enterprise - india
650 _aCross culture orientation - india
650 _aintercultural communication - india
650 _aCorporate culture - india
942 _cL
999 _c4557
_d4557